00382nam a2200145Ia 4500008004100000020001500041041001200056082001600068100001300084245007100097260002500168300000800193650002100201700001400222221030s9999 xx 000 0 und d a8120309847 aEnglish a105.23bRod aD. Roddy 0aElectronic Communications ( DEPARTMENTAL )cby D. Roddy, J. Coolen bPHIaNew Delhic1999 a820 aECE Departmental aJ. Coolen